000 00709cam a22002413a 4500
001 6983
003 PGUSA
005 20140828083139.0
008 041101s2004||||xxu|||||s|||||000 | eng d
040 _aPGUSA
_beng
042 _adc
050 4 _aE011
100 1 _aWilson, Edward Francis,
_d1844-1915
245 1 0 _aMissionary Work Among the Ojebway Indians
_h[electronic resource] /
_cEdward Francis Wilson
260 _bProject Gutenberg,
_c2004
506 _aPublic domain in the USA.
516 _aElectronic text
653 _aOjibwa Indians
653 _aIndians of North America -- Missions
830 0 _aProject Gutenberg
_v6983
856 4 0 _uhttp://www.gutenberg.org/ebooks/6983
942 _cEB
999 _c236303
_d236303